01885cam a22002654a 450000100090000000300040000900500170001300800410003001000170007102000220008804000180011004200080012805000130013608200200014924500910016925000120026026000400027230000340031250400510034650511090039765000340150665000290154070000270156970000230159612925507OSt20211105145245.0020911s2003 moua b 001 0 eng  a 2002030914 a0721696929 (pbk.) aDLCcDLCdDLC apcc00aRT82.N8700a610.73/06/922100aNursing today: transitions and trends. /c[edited by] JoAnn Zerwekh, Jo Carol Claborn. a4th ed. aSt. Louis, Mo. :bSaunders,cc2003. axvi, 619 p. :bill. ;c23 cm. aIncludes bibliographical references and index. aContents: 1. Role transitions -- 2. Nursing: a developing profession : Historical perspectives: Influences of the past -- Image of nursing: influences of the present -- Nursing education --3. Nursing management: Challenges of nursing management -- Group process and tea m building -- Effective communication -- Conflict management -- Time management -- Delegation in the clinical setting -- Using nursing research in practice -- 4. Health care delivery system: The health care organization and patterns of nursing care delivery -- Health in community: Nursing's role -- Complementary and alternative therapies in nursing and health care -- Trends and economics in the health care delivery system -- Nursing Informatics -- Political action in nursing -- A collective voice in the workshop -- 5. Ethical and legal issues in nursing: Ethical issues -- Legal issues -- 6. In search of employment: finding your niche in the world: Employment considerations: opportunities and resumes -- Interviewing for employment -- 7. Thriving...not just surviving: Self-care strategies -- NCLEX-RN and the new graduate -- 0aNursingxVocational guidance. 0aNursingxSocial aspects.1 aZerwekh, JoAnn Graham.1 aClaborn, Jo Carol.